Meilleurs Buteurs de la Ligue des Champions par Photo - Statistiques

Statistiques générales
  • Ce quiz a été pris 29 fois
  • Le résultat moyen est 23 sur 73
Statistiques - réponses
Par images Hint Réponse % Correct
1990-1992 (Olympique Marseille) Jean-Pierre Papin
95%
1995 (Paris Saint-Germain) George Weah
91%
1994 (FC Barcelone) Ronald Koeman
91%
1985 (Juventus) Michel Platini
86%
2000,2001 (Real Madrid) Raúl
86%
1958 (Real Madrid) Alfredo di Stéfano
82%
2007 (AC Milan) Kaká
82%
1989 (AC Milan) Marco van Basten
82%
1998 (Juventus) Alessandro del Piero
77%
1999 (Dynamo Kiev), 2006 (AC Milan) Andriy Shevchenko
77%
1960,1964 (Real Madrid) Ferenc Puskás
77%
1972 (Ajax) Johan Cruijff
77%
2015 (FC Barcelone) Neymar
77%
2000 (FC Barcelone) Rivaldo
77%
2008 (Manchester United), 2013-2018 (Real Madrid) Cristiano Ronaldo
73%
2021 (Borussia Dortmund), 2023 (Manchester City) Erling Haaland
73%
1966,1968 (Benfica) Eusébio
73%
2024 (Bayern Munich) Harry Kane
73%
2022 (Real Madrid) Karim Benzema
73%
2024 (Paris Saint-Germain Kylian Mbappé
73%
2009-2012,2015,2019 (FC Barcelone) Lionel Messi
73%
2002,2003,2005 (Manchester United) Ruud van Nistelrooy
73%
1973-1975, 1977 (Bayern Munich) Gerd Müller
68%
2020 (Bayern Munich) Robert Lewandowski
68%
2025 (Borussia Dortmund) Serhou Guirassy
68%
2025 (FC Barcelone) Raphinha
64%
1990,1993 (PSV) Romário
59%
2004 (AS Monaco) Fernando Morientes
41%
1959 (Stade Reims) Just Fontaine
41%
1988 (Steaua Bucarest) Gheorghe Hagi
36%
1996 (Ajax Jari Litmanen
32%
1983 (Juventus) Paolo Rossi
32%
1988 (Porto) Rabah Madjer
27%
1999 (Manchester United) Dwight Yorke
23%
1981 (Bayern Munich) Karl-Heinz Rummenigge
18%
1969 (Manchester United) Denis Law
9%
2000 (Porto) Mário Jardel
9%
1988 (Real Madrid) Míchel
5%
1964 (Inter Milan) Sandro Mazzola
5%
1978 (Borussia Mönchengladbach) Allan Simonsen
0%
1988 (Rangers) Ally McCoist
0%
1972 (Újpesti Dózsa) Antal Dunai
0%
1971 (Panathinaikos) Antonis Antoniadis
0%
1987 (Étoile Rouge) Borislav Cvetković
0%
1979 (Grasshopper Club Zurich) Claudio Sulser
0%
1957 (Manchester United) Dennis Viollet
0%
1982 (Bayern Munich) Dieter Hoeneß
0%
1975 (Ararat Erevan) Eduard Markarov
0%
1966 (Ferencváros) Flórián Albert
0%
1977 (FC Zurich) Franco Cucinotta
0%
1981 (Liverpool) Graeme Souness
0%
1962 (FC Nuremberg) Heinz Strehl
0%
1961 (Benfica) José Águas
0%
1963 (AC Milan) José Altafini
0%
1965 (Benfica) José Torres
0%
1976 (Borussia Mönchengladbach) Jupp Heynckes
0%
1972 (Celtic) Lou Macari
0%
1970 (Leeds United) Mick Jones
0%
1997 (Atlético Madrid) Milinko Pantić
0%
1956 (Partizan) Miloš Milutinović
0%
1967 (Anderlecht) Paul van Himst
0%
1988 (Sparta Prague) Petar Novák
0%
1991 (Swarovski Tyrol) Peter Pacult
0%
1988 (Neuchâtel Xamax) René van der Gijp
0%
1988 (Benfica) Rui Águas
0%
1992 (Benfica) Sergei Yuran
0%
1972 (Standard Liège) Silvester Takač
0%
1980 (Ajax) Søren Lerby
0%
1981 (Liverpool) Terry McDermott
0%
1985,1986 (IFK Göteborg) Torbjörn Nilsson
0%
1984 (Dinamo Minsk) Viktor Sokol
0%
1964 (Partizan) Vladica Kovačević
0%
1994 (Werder Brême) Wynton Rufer
0%
Aucun quiz correspondant
Distribution des résultats
% des personnes avec chaque résultat
Percentile par nombre de réponses
Votre historique - résultats
Vous n’avez pas pris ce quiz